000 00302nam a22001457a 4500
003 SGT
082 _a150
_b314W
100 _aWOOLFOLK, ANITA
245 _aEDUCATIONAL PSYCHOLOGY
250 _a12TH
260 _aDELHI
_bPEARSON
_c2014
300 _a691
650 _aPSYCHOLOGY
942 _2ddc
_cBK
999 _c10606
_d10606